|
|
|
|
| LEADER |
00000nam a2200000 a 4500 |
| 001 |
vtls010038931 |
| 003 |
SK-MaSNL |
| 005 |
20260301172229.0 |
| 008 |
240314s2009 xo l f 000 0 slo |
| 015 |
|
|
|a SNBA2010/04-02042
|
| 020 |
|
|
|a 9788055302195
|q (brož.)
|
| 035 |
|
|
|a BBBD8498-9694-4844-8256-DF89BB22A503
|
| 035 |
|
|
|a urn:nbn:sk:snk-amk9rc
|
| 035 |
|
|
|a urn:nbn:sk:snk-am003w75
|
| 040 |
|
|
|a SNK
|b slo
|c SNK
|e AACR2
|
| 041 |
0 |
|
|a slo
|
| 044 |
|
|
|a xo
|c SK
|
| 072 |
|
7 |
|a 004
|x Počítačová veda. Výpočtová technika. Informačné technológie
|2 konspekt
|
| 080 |
|
|
|a 004.03
|2 2001
|
| 080 |
|
|
|a 37.018.43:004.738.3
|2 2001
|
| 080 |
|
|
|a 37.018.43
|2 2001
|
| 080 |
|
|
|a 378
|2 2001
|
| 080 |
|
|
|a (035)
|2 2001
|
| 100 |
1 |
|
|a Paľová, Dana
|4 aut
|9 323411
|
| 245 |
1 |
0 |
|a Základy práce s LMS Moodle
|b príručka pre študentov
|c Dana Paľová
|
| 250 |
|
|
|a 1. preprac. vyd.
|
| 260 |
|
|
|a Košice
|b Technická univerzita
|c 2009
|
| 300 |
|
|
|a 41 s.
|b tab.
|c 21 cm
|
| 366 |
|
|
|e 250 výt.
|
| 500 |
|
|
|a Názov z obalu
|
| 650 |
0 |
7 |
|a počítačové systémy
|2 SNKPH
|9 1867
|
| 650 |
0 |
7 |
|a virtuálne vzdelávanie
|2 SNKPH
|9 67555
|
| 650 |
0 |
7 |
|a dištančné vzdelávanie
|2 SNKPH
|9 4329
|
| 650 |
0 |
7 |
|a vysoké školy
|2 SNKPH
|9 1277
|
| 650 |
0 |
7 |
|a Computer systems
|2 SNKPHeng
|9 370177
|
| 650 |
0 |
7 |
|a Virtual education
|2 SNKPHeng
|9 311509
|
| 650 |
0 |
7 |
|a Distance education
|2 SNKPHeng
|9 270238
|
| 650 |
0 |
7 |
|a Universities and colleges
|2 SNKPHeng
|9 265426
|
| 655 |
|
7 |
|a príručky
|2 SNKPH
|9 74364
|
| 655 |
|
7 |
|a Handbooks, manuals, etc.
|2 SNKPHeng
|9 90964
|
| 919 |
|
|
|a 978-80-553-0219-5
|
| 958 |
|
|
|a OND
|
| 968 |
|
|
|d 0
|
| 999 |
|
|
|c 832739
|d 834669
|
| 952 |
|
|
|a SNK
|b SNK
|y PREZ
|7 0
|p 17A0641511
|o snkSC 138588
|i snk2010/655
|8 0
|0 0
|1 0
|4 0
|d 2010-01-14
|f 1
|l 0
|r 2017-06-30 00:00:00
|w 2026-02-24
|
| 952 |
|
|
|a SNK
|b SNK
|y VYP
|7 0
|p 17A0641510
|o snkSC 138588 D1
|i snk2010/656
|8 0
|0 0
|1 0
|4 0
|d 2010-01-14
|l 0
|r 2026-02-24 03:43:43
|w 2026-02-24
|